<?xml version="1.0" encoding="UTF-8"?>
<record
    xmlns:xsi="http://www.w3.org/2001/XMLSchema-instance"
    xsi:schemaLocation="http://www.loc.gov/MARC21/slim http://www.loc.gov/standards/marcxml/schema/MARC21slim.xsd"
    xmlns="http://www.loc.gov/MARC21/slim">

  <leader>01942nam a2200253 i 4500</leader>
  <controlfield tag="003">DO-SdBNP</controlfield>
  <controlfield tag="005">20231121145142.0</controlfield>
  <controlfield tag="006">a||||gr|||| 00| 0 </controlfield>
  <controlfield tag="007">ta</controlfield>
  <controlfield tag="008">231121e1925    dr ||||| |||| 00| 0 spa d</controlfield>
  <datafield tag="040" ind1=" " ind2=" ">
    <subfield code="a">DO-SdBNP</subfield>
    <subfield code="b">spa</subfield>
    <subfield code="c">BNPHU</subfield>
    <subfield code="e">rda</subfield>
  </datafield>
  <datafield tag="082" ind1=" " ind2="4">
    <subfield code="2">22</subfield>
    <subfield code="a">320</subfield>
    <subfield code="b">C352p</subfield>
  </datafield>
  <datafield tag="100" ind1="1" ind2=" ">
    <subfield code="a">Castillo Objio, Luis Conrado del,</subfield>
    <subfield code="d">1888-1927</subfield>
    <subfield code="9">58934</subfield>
    <subfield code="e">autor</subfield>
  </datafield>
  <datafield tag="245" ind1="1" ind2="0">
    <subfield code="a">Proleg&#xF3;menos de ense&#xF1;anza c&#xED;vica. /</subfield>
    <subfield code="c">Luis C. del Castillo.</subfield>
  </datafield>
  <datafield tag="250" ind1=" " ind2=" ">
    <subfield code="a">3a edici&#xF3;n</subfield>
  </datafield>
  <datafield tag="264" ind1=" " ind2=" ">
    <subfield code="a">Santiago de los Caballeros, Rep&#xFA;blica Dominicana :</subfield>
    <subfield code="b">Manuel Tavarez S.,</subfield>
    <subfield code="c">[1925]</subfield>
  </datafield>
  <datafield tag="300" ind1=" " ind2=" ">
    <subfield code="a">190 p&#xE1;ginas ;</subfield>
    <subfield code="c">22 cm.</subfield>
  </datafield>
  <datafield tag="336" ind1=" " ind2=" ">
    <subfield code="2">rdacontent</subfield>
    <subfield code="a">texto</subfield>
    <subfield code="b">txt</subfield>
  </datafield>
  <datafield tag="337" ind1=" " ind2=" ">
    <subfield code="2">rdamedia</subfield>
    <subfield code="a">sin mediaci&#xF3;n</subfield>
    <subfield code="b">n</subfield>
  </datafield>
  <datafield tag="338" ind1=" " ind2=" ">
    <subfield code="2">rdacarrier</subfield>
    <subfield code="a">volumen</subfield>
    <subfield code="b">nc</subfield>
  </datafield>
  <datafield tag="505" ind1=" " ind2=" ">
    <subfield code="a">Liminar.</subfield>
    <subfield code="g">Secci&#xF3;n I.</subfield>
    <subfield code="t">I Ideas generales de la ciencia etc.-- II Concepto de la familia etc.-- III Idea de gobierno etc.-- IV Porqu&#xE9; el gobierno se vale de la lei para establecer el orden etc.-- V Noci&#xF3;n de soberan&#xED;a etc.-- Concepto de los derechos individuales etc.-- VIII Aspectos jen&#xE9;ricos del derecho etc.-- IX Causas por los cuales se p;ierden los derechos ciudadanos.-- X Qu&#xE9; es lo que se entiende por integridad territorial etc.-- XI Lo que es la bandera etc. XII La propiedad etc.--</subfield>
    <subfield code="g">Secci&#xF3;n II.</subfield>
    <subfield code="t">XIII Noci&#xF3;n integral del poder etc.-- XIV Funci&#xF3;n electoral etc.-- XV Funci&#xF3;n lejislativa etc.-- XVI Funci&#xF3;n ejecutiva etc.-- XVII Funci&#xF3;n judicial etc.-- XVIII Concepto integral del vocablo gobierno etc.-- XIX Formas actuales del gobierno etc.-- XX Lo que es libertad i lo que es libertinaje etc.--</subfield>
    <subfield code="g">Secci&#xF3;n III.</subfield>
    <subfield code="t">XXI Elementos que nos ofrece el estudio del territorio o pa&#xED;s etc.-- XXII Elementos esenciales para el desarrollo econ&#xF3;mico del pa&#xED;s etc. XIII Industria agr&#xED;cola etc.-- XXIV Industria comercial etc.-- XXV Trueque o cambio etc.--- XXVI Funci&#xF3;n de gobierno etc.-- XXVII A qu&#xE9; se da nombre de presupuesto etc.</subfield>
  </datafield>
  <datafield tag="590" ind1=" " ind2=" ">
    <subfield code="a">Inventariado 2023 / MF</subfield>
  </datafield>
  <datafield tag="942" ind1=" " ind2=" ">
    <subfield code="2">ddc</subfield>
    <subfield code="c">LBS1</subfield>
  </datafield>
  <datafield tag="952" ind1=" " ind2=" ">
    <subfield code="0">0</subfield>
    <subfield code="1">0</subfield>
    <subfield code="2">ddc</subfield>
    <subfield code="5">1</subfield>
    <subfield code="7">0</subfield>
    <subfield code="8">PD-RV</subfield>
    <subfield code="a">BNPHU</subfield>
    <subfield code="b">BNPHU</subfield>
    <subfield code="c">CT</subfield>
    <subfield code="d">2014-02-21</subfield>
    <subfield code="e">Donado por Barbara Suncar</subfield>
    <subfield code="l">0</subfield>
    <subfield code="o">320 C352p</subfield>
    <subfield code="p">2023-7934</subfield>
    <subfield code="r">2023-11-21</subfield>
    <subfield code="w">2023-11-21</subfield>
    <subfield code="y">LBS1</subfield>
  </datafield>
  <datafield tag="999" ind1=" " ind2=" ">
    <subfield code="c">55549</subfield>
    <subfield code="d">55549</subfield>
  </datafield>
</record>
